The Middle East remembered /

Saved in:

Main Author: Badeau, John Stothoff, 1903-1995 (Author)

Format: Book

Language: English

Published: Washington, D.C. : Middle East Institute, 1983.

Subjects:

Tags: Add Tag

No Tags, Be the first to tag this record!

Call Number: DS61.52 .B32 A35 1983

LEADER 00943namaa2200301 4500
001 20803
003 OSt
005 20260315062445.0
008 130303s1983 dcu g 001 0aeng d
010 |a 83061202 
020 |a 0916808211 
040 |c ARCE Library 
043 |a aw----- 
050 4 |a DS61.52 .B32 A35 1983 
100 1 |a Badeau, John Stothoff,   |d 1903-1995,  |e author  |9 26019 
245 1 4 |a The Middle East remembered /   |c John S. Badeau. 
264 1 |a Washington, D.C. :   |b Middle East Institute,   |c 1983. 
300 |a 271 pages ;  |c 25 cm. 
500 |a Includes index. 
600 1 0 |a Badeau, John Stothoff,   |d 1903-1995.  |9 26019 
650 0 |a Diplomats  |z United States  |x Biography. 
650 0 |a Diplomats  |z Egypt  |x Biography. 
650 0 |a Educators  |z United States  |v Biography. 
650 0 |a Educators  |z Middle East  |v Biography. 
651 0 |a Middle East  |x Description and travel. 
901 |a reviewed 
942 |c BK  |2 lcc 
999 |c 17242  |d 17242